[Event "Banff op U2200"]
[Site "Banff CAN"]
[Date "2022.11.13"]
[Round "5.39"]
[White "Jiang, William"]
[Black "Xu, Joey"]
[Result "1-0"]
[WhiteElo "1651"]
[BlackElo "1628"]
[PlyCount "81"]
[EventDate "2022.11.11"]
[EventType "swiss"]
[EventRounds "6"]
[EventCountry "CAN"]

1. e4 c5 2. Nf3 d6 3. Bb5+ Bd7 4. Bxd7+ Qxd7 5. O-O Nc6 6. c3 Nf6 7. Re1 g6 8.
d4 cxd4 9. cxd4 Bg7 10. Nc3 O-O 11. Bf4 Rac8 12. Qa4 Qc7 13. d5 Nh5 14. Nb5 Qa5
15. Qxa5 Nxa5 16. Bg5 Bxb2 17. Rab1 Bf6 18. Bh6 Bg7 19. Bxg7 Kxg7 20. Nxa7 Rc2
21. Rec1 Rxa2 22. Rc7 Re8 23. Nc8 Kf8 24. Ng5 h6 25. Nf3 Nf4 26. h3 Nd3 27. Nd4
Nc5 28. Re1 Nc4 29. Rc1 Na5 30. f3 Rd2 31. Nb5 Rb2 32. Nbxd6 exd6 33. Nxd6 Ncb3
34. Rxf7+ Kg8 35. Rcc7 Rb1+ 36. Kh2 Rd8 37. e5 Rc1 38. Rg7+ Kh8 39. Rh7+ Kg8
40. Rcg7+ Kf8 41. e6 1-0

[Event "Banff op U2200"]
[Site "Banff CAN"]
[Date "2022.11.13"]
[Round "5.42"]
[White "Wang, Lucas"]
[Black "Nalual, Bernie"]
[Result "0-1"]
[WhiteElo "1238"]
[BlackElo "1600"]
[PlyCount "94"]
[EventDate "2022.11.11"]
[EventType "swiss"]
[EventRounds "6"]
[EventCountry "CAN"]

1. d4 Nf6 2. Bg5 e6 3. e3 Be7 4. Bd3 Nd5 5. Bxe7 Qxe7 6. c3 c5 7. Nf3 cxd4 8.
Nxd4 Nc6 9. a3 d6 10. Bb5 Bd7 11. O-O e5 12. Nf3 Nc7 13. Be2 O-O 14. Nbd2 Rad8
15. Qc2 Bg4 16. Qa4 Bd7 17. Bd3 d5 18. e4 dxe4 19. Qxe4 f5 20. Bc4+ Kh8 21. Qe3
f4 22. Qe2 Bg4 23. Ne4 h6 24. Ned2 Rde8 25. Rfe1 Rf6 26. Ne4 Rg6 27. Bd3 Nd5
28. Ng3 Rd6 29. Ne4 Rdd8 30. Rad1 Nf6 31. h3 Bh5 32. Nxf6 gxf6 33. Qe4 Rg8 34.
Qc4 Bxf3 35. Bf1 Rxd1 36. Rxd1 Bxd1 37. Qe4 Qg7 38. Bd3 f5 39. Qd5 e4 40. Bxe4
fxe4 41. Qxe4 Bc2 42. Qf3 Ne5 43. Qd5 Bd1 44. Kh1 Nf3 45. g3 fxg3 46. fxg3 Qxg3
47. Qxd1 Qg2# 0-1

[Event "Banff op U2200"]
[Site "Banff CAN"]
[Date "2022.11.13"]
[Round "6.29"]
[White "Jin, Eric"]
[Black "Ramalho, David"]
[Result "1/2-1/2"]
[WhiteElo "1623"]
[BlackElo "1776"]
[PlyCount "68"]
[EventDate "2022.11.11"]
[EventType "swiss"]
[EventRounds "6"]
[EventCountry "CAN"]

1. d4 Nf6 2. Bg5 e6 3. e4 h6 4. Bxf6 Qxf6 5. c3 e5 6. Nf3 exd4 7. cxd4 Bb4+ 8.
Nc3 d6 9. e5 Bxc3+ 10. bxc3 dxe5 11. Nxe5 O-O 12. Bc4 Nc6 13. O-O Nxe5 14. dxe5
Qxe5 15. Qf3 Qf5 16. Qg3 c5 17. Rfe1 Qg4 18. Qxg4 Bxg4 19. Re7 b5 20. f3 Bxf3
21. gxf3 bxc4 22. Kf2 Rfd8 23. Re4 Rd2+ 24. Kg3 Rad8 25. Rxc4 R8d5 26. h4 Rc2
27. a4 a5 28. Rb1 Rd3 29. Rxc5 Rcxc3 30. Rxc3 Rxc3 31. Rb5 g6 32. Rxa5 Ra3 33.
Ra7 h5 34. Kf4 Kg7 1/2-1/2

[Event "Banff op U2200"]
[Site "Banff CAN"]
[Date "2022.11.13"]
[Round "6.30"]
[White "Gerona, Joshua"]
[Black "Ivanescu, Mark"]
[Result "1/2-1/2"]
[WhiteElo "1894"]
[BlackElo "1946"]
[PlyCount "79"]
[EventDate "2022.11.11"]
[EventType "swiss"]
[EventRounds "6"]
[EventCountry "CAN"]

1. e4 e6 2. Qe2 c5 3. Nf3 Nc6 4. g3 g6 5. Bg2 Bg7 6. O-O Nge7 7. c3 d6 8. a3
O-O 9. d3 e5 10. b4 a6 11. Bb2 f5 12. Nbd2 f4 13. d4 fxg3 14. fxg3 cxd4 15.
cxd4 exd4 16. Qc4+ d5 17. exd5 Qxd5 18. Qxd5+ Nxd5 19. Nxd4 Rxf1+ 20. Nxf1
Ndxb4 21. Rd1 Bg4 22. Rd2 Nxd4 23. Bxd4 Nc6 24. Bd5+ Kh8 25. Bxg7+ Kxg7 26. Ne3
Bh3 27. g4 Ne5 28. Bxb7 Rf8 29. Rf2 Rb8 30. Bxa6 Rb3 31. Re2 Rxa3 32. Bc8 Nd3
33. Rd2 h5 34. Bb7 Ra1+ 35. Rd1 Rxd1+ 36. Nxd1 Bxg4 37. Nf2 Nxf2 38. Kxf2 Kf6
39. Kg3 Be6 40. h4 1/2-1/2

[Event "Banff op U2200"]
[Site "Banff CAN"]
[Date "2022.11.13"]
[Round "6.31"]
[White "Ivanescu, Matthew"]
[Black "Chen, Ryan"]
[Result "1-0"]
[WhiteElo "1793"]
[BlackElo "1770"]
[PlyCount "87"]
[EventDate "2022.11.11"]
[EventType "swiss"]
[EventRounds "6"]
[EventCountry "CAN"]

1. d4 d5 2. Bf4 c5 3. e3 Nc6 4. c3 Bf5 5. Bd3 Bxd3 6. Qxd3 Qb6 7. Qc2 Nf6 8.
Nd2 e6 9. Ngf3 Be7 10. h3 h6 11. O-O O-O 12. Rab1 Rac8 13. Qd3 c4 14. Qe2 Qa5
15. a3 b5 16. e4 Nd7 17. exd5 exd5 18. Ne5 Ncxe5 19. Bxe5 Bf6 20. Bd6 Rfe8 21.
Qh5 Nb6 22. Nf3 Re6 23. Be5 Qa6 24. Bxf6 Rxf6 25. Rfe1 Qb7 26. Re2 a5 27. Rbe1
Qc6 28. Re7 Rf8 29. R1e3 Na4 30. Ne5 Qd6 31. Nd7 Qf4 32. Nxf6+ Qxf6 33. Re2
Nxb2 34. Qxd5 Qf4 35. Re8 Rxe8 36. Rxe8+ Kh7 37. Qe4+ Qxe4 38. Rxe4 Nd1 39. d5
Nxc3 40. Re5 b4 41. axb4 Nxd5 42. Rxd5 axb4 43. Rc5 c3 44. Rc4 1-0

[Event "Banff op U2200"]
[Site "Banff CAN"]
[Date "2022.11.13"]
[Round "6.32"]
[White "Ratte, Cameron"]
[Black "Jackson, Mateo"]
[Result "1-0"]
[WhiteElo "1882"]
[BlackElo "1689"]
[PlyCount "59"]
[EventDate "2022.11.11"]
[EventType "swiss"]
[EventRounds "6"]
[EventCountry "CAN"]

1. e4 c5 2. Nf3 Nc6 3. Bb5 g6 4. Bxc6 bxc6 5. O-O Bg7 6. Re1 d5 7. e5 Nh6 8. d3
O-O 9. b3 d4 10. Nbd2 Qd5 11. Ba3 Rd8 12. h3 Rb8 13. Qe2 Rb5 14. Nc4 Be6 15.
Nb2 Ra5 16. Na4 Rb8 17. Nd2 Nf5 18. Ne4 c4 19. dxc4 Qxe5 20. Qd2 Qc7 21. Nec5
Bc8 22. Bb4 Rxa4 23. Nxa4 Bh6 24. Ba5 Rb7 25. Bxc7 Bxd2 26. Re2 Rxc7 27. Rxd2
c5 28. Re1 Nh4 29. Rde2 e6 30. Re5 1-0

[Event "Banff op U2200"]
[Site "Banff CAN"]
[Date "2022.11.13"]
[Round "6.33"]
[White "Atwood, Matthew"]
[Black "Perez, Gilbert"]
[Result "0-1"]
[WhiteElo "1303"]
[BlackElo "1870"]
[PlyCount "80"]
[EventDate "2022.11.11"]
[EventType "swiss"]
[EventRounds "6"]
[EventCountry "CAN"]

1. c4 Nf6 2. d4 e6 3. Bg5 Bb4+ 4. Nc3 h6 5. Bd2 b6 6. a3 Be7 7. e4 d6 8. Be2
Nbd7 9. Bf3 e5 10. d5 O-O 11. Nge2 a5 12. Ng3 Nc5 13. Bc1 a4 14. h4 Nb3 15. Rb1
Bd7 16. Nf1 Nh7 17. g4 Nxc1 18. Qxc1 Bxh4 19. Ne3 Bg5 20. Ne2 Nf6 21. Rg1 Qc8
22. Ng3 Nxg4 23. Ngf5 Bxf5 24. exf5 Nxe3 25. Rxg5 hxg5 26. Qxe3 Qxf5 27. Be4
Qf4 28. Qd3 f5 29. Bg2 e4 30. Qc2 e3 31. f3 Rae8 32. Ke2 Rf6 33. b3 Rg6 34.
bxa4 Ra8 35. a5 bxa5 36. Rb7 Qd4 37. Rb2 a4 38. Kf1 Qh4 39. Kg1 Qg3 40. Rb4 Kf7
{illisible} 0-1

[Event "Banff op U2200"]
[Site "Banff CAN"]
[Date "2022.11.13"]
[Round "6.34"]
[White "Dunne, Eoin"]
[Black "Pivovarov, Juraj"]
[Result "0-1"]
[WhiteElo "1609"]
[BlackElo "1939"]
[PlyCount "40"]
[EventDate "2022.11.11"]
[EventType "swiss"]
[EventRounds "6"]
[EventCountry "CAN"]

1. e4 c5 2. Nc3 Nc6 3. Nf3 d6 4. d4 cxd4 5. Nxd4 g6 6. Be3 Bg7 7. Qd2 Nf6 8.
O-O-O Ng4 9. Bc4 Nxe3 10. fxe3 Ne5 11. Bb3 a6 12. Rdf1 O-O 13. h4 h5 14. Kb1 b5
15. Bd5 Rb8 16. Qe2 Bb7 17. Rf2 e6 18. Bxb7 Rxb7 19. Rhf1 Ng4 20. Rf3 Nh2 0-1

[Event "Banff op U2200"]
[Site "Banff CAN"]
[Date "2022.11.13"]
[Round "6.35"]
[White "Tolentino, Avelino Angelo"]
[Black "Jiang, William"]
[Result "0-1"]
[WhiteElo "1845"]
[BlackElo "1651"]
[PlyCount "52"]
[EventDate "2022.11.11"]
[EventType "swiss"]
[EventRounds "6"]
[EventCountry "CAN"]

1. e4 e5 2. Bc4 Nf6 3. Nc3 Bc5 4. d3 O-O 5. f4 exf4 6. Bxf4 Re8 7. Nf3 d5 8.
Bb3 dxe4 9. dxe4 Bd7 10. Qd3 Bb4 11. Bxf7+ Kxf7 12. Qc4+ Kf8 13. Qxb4+ Kg8 14.
Ng5 Qe7 15. Qxe7 Rxe7 16. O-O-O Nc6 17. Nd5 Nxd5 18. exd5 Nb4 19. a3 Na6 20. d6
cxd6 21. Bxd6 Re2 22. Rd2 Rae8 23. Rhd1 Bg4 24. h3 Rxd2 25. Kxd2 Bxd1 26. Kxd1
h6 0-1

[Event "Banff op U2200"]
[Site "Banff CAN"]
[Date "2022.11.13"]
[Round "6.36"]
[White "Wu, Nicholas"]
[Black "Sembrano, Joshua"]
[Result "1/2-1/2"]
[WhiteElo "1342"]
[BlackElo "1746"]
[PlyCount "101"]
[EventDate "2022.11.11"]
[EventType "swiss"]
[EventRounds "6"]
[EventCountry "CAN"]

1. d4 f5 2. Bf4 e6 3. e3 Nf6 4. Nf3 Bd6 5. c4 Bxf4 6. exf4 O-O 7. Nc3 b6 8. g3
Bb7 9. Bg2 Ne4 10. O-O Nxc3 11. bxc3 d6 12. Qb3 c5 13. d5 exd5 14. cxd5 Nd7 15.
c4 h6 16. a4 Qc7 17. Rfe1 Rfe8 18. Qc3 Nf6 19. Nd2 Rad8 20. Qd3 Bc8 21. Bf3 Re7
22. Re3 Rde8 23. Rae1 Qd8 24. Rxe7 Rxe7 25. Rxe7 Qxe7 26. Qe3 Qxe3 27. fxe3 Bd7
28. Bd1 Kf7 29. h3 g5 30. Bc2 Ke7 31. Kf2 Ne4+ 32. Nxe4 fxe4 33. g4 Kf6 34. f5
Be8 35. Kg3 Ke5 36. Kf2 a6 37. Bb3 Kf6 38. Ke2 Bd7 39. Kf2 Ke7 40. Ke2 Be8 41.
Kd2 Kf6 42. Ke2 Bd7 43. Kf2 b5 44. a5 b4 45. Kg3 h5 46. Bc2 hxg4 47. hxg4 Be8
48. Bb3 Ke5 49. Bc2 Kf6 50. Bb3 Ke5 51. Bc2 1/2-1/2

[Event "Banff op U2200"]
[Site "Banff CAN"]
[Date "2022.11.13"]
[Round "6.37"]
[White "Yoker, Callum"]
[Black "Neame, Alex"]
[Result "1/2-1/2"]
[WhiteElo "1666"]
[BlackElo "1784"]
[PlyCount "61"]
[EventDate "2022.11.11"]
[EventType "swiss"]
[EventRounds "6"]
[EventCountry "CAN"]

1. d4 d5 2. c4 e6 3. Nc3 Nf6 4. cxd5 exd5 5. Bg5 Be7 6. e3 Nbd7 7. Bd3 c6 8.
Nge2 O-O 9. f3 c5 10. O-O b6 11. Qd2 Bb7 12. Rae1 Re8 13. Kh1 a6 14. Bb1 Ne4
15. fxe4 Bxg5 16. e5 cxd4 17. Qd3 g6 18. exd4 Nf8 19. a3 Ne6 20. Ba2 Rf8 21.
Qf3 Ra7 22. Bxd5 Bxd5 23. Nxd5 Rd7 24. Nf6+ Bxf6 25. exf6 Rd5 26. Nf4 Rf5 27.
Nxe6 Rxf3 28. Nxd8 Rxf1+ 29. Rxf1 Rxd8 30. Rc1 h6 31. Rc6 1/2-1/2

[Event "Banff op U2200"]
[Site "Banff CAN"]
[Date "2022.11.13"]
[Round "6.38"]
[White "Xu, Joey"]
[Black "Sharpe, Michael"]
[Result "1-0"]
[WhiteElo "1628"]
[BlackElo "1572"]
[PlyCount "67"]
[EventDate "2022.11.11"]
[EventType "swiss"]
[EventRounds "6"]
[EventCountry "CAN"]

1. e4 c5 2. Nc3 Nc6 3. Bb5 g6 4. Bxc6 bxc6 5. f4 Bg7 6. d3 e6 7. Nf3 Ba6 8. O-O
d5 9. Qe1 Ne7 10. Kh1 c4 11. d4 Qc7 12. Rg1 O-O-O 13. Na4 h6 14. e5 Bb7 15. Bd2
Kd7 16. Nc5+ Ke8 17. Ba5 Qc8 18. Bxd8 Kxd8 19. Qa5+ Ke8 20. Qxa7 Ba8 21. c3 Bf8
22. b3 Nf5 23. bxc4 Bxc5 24. dxc5 Qb7 25. Qxb7 Bxb7 26. Rab1 Bc8 27. cxd5 exd5
28. Nd4 Nxd4 29. cxd4 Kd8 30. Rb8 Kc7 31. Rgb1 Rd8 32. a4 Ba6 33. Rxd8 Kxd8 34.
Rb3 1-0

[Event "Banff op U2200"]
[Site "Banff CAN"]
[Date "2022.11.13"]
[Round "6.39"]
[White "Nalual, Bernie"]
[Black "Dave, Bhavik"]
[Result "0-1"]
[WhiteElo "1600"]
[BlackElo "1837"]
[PlyCount "138"]
[EventDate "2022.11.11"]
[EventType "swiss"]
[EventRounds "6"]
[EventCountry "CAN"]

1. d4 d5 2. Bf4 Nf6 3. e3 e6 4. Nf3 Bd6 5. Bg3 O-O 6. Nbd2 b6 7. Ne5 Bb7 8. Bd3
c5 9. c3 Ne4 10. Qc2 f5 11. f3 Nxg3 12. hxg3 Qg5 13. Nf1 cxd4 14. f4 Qe7 15.
exd4 Nd7 16. Ne3 Bxe5 17. fxe5 Qg5 18. Qf2 g6 19. O-O-O f4 20. gxf4 Rxf4 21.
Qd2 Raf8 22. Rdf1 Rxf1+ 23. Rxf1 Rxf1+ 24. Bxf1 Qf4 25. Bd3 a6 26. Qe1 b5 27.
Kd2 Bc6 28. b4 Nb6 29. g3 Qg5 30. Qf2 h5 31. Kc2 Na4 32. Qe1 Kg7 33. Ng2 Qg4
34. Kd2 Be8 35. Qf2 Qg5+ 36. Kc2 Qe7 37. Nf4 g5 38. Nh3 Bg6 39. Qe3 Bxd3+ 40.
Kxd3 Kg6 41. Qf2 Nb6 42. Qf3 Kh6 43. Qf2 Qh7+ 44. Kd2 Nc4+ 45. Kc1 Qe7 46. Qf6+
Qxf6 47. exf6 Nd6 48. Kd2 Ne4+ 49. Kd3 Nxf6 50. Nf2 Kg6 51. Ke3 Kf5 52. Kf3 Ne4
53. Nd1 Nd2+ 54. Ke3 Nc4+ 55. Kf3 e5 56. dxe5 Nxe5+ 57. Kf2 Ke4 58. Ke2 Ng4 59.
Nb2 h4 60. Nd3 h3 61. Nc5+ Ke5 62. Nd3+ Kd6 63. Kf3 Ne5+ 64. Nxe5 Kxe5 65. g4
h2 66. Kg2 Kf4 67. Kxh2 Kxg4 68. Kg2 Kf4 69. Kf2 Ke4 0-1

[Event "Banff op U2200"]
[Site "Banff CAN"]
[Date "2022.11.13"]
[Round "6.40"]
[White "Xu, Hannah"]
[Black "Wang, April"]
[Result "1/2-1/2"]
[WhiteElo "1467"]
[BlackElo "1355"]
[PlyCount "123"]
[EventDate "2022.11.11"]
[EventType "swiss"]
[EventRounds "6"]
[EventCountry "CAN"]

1. d4 d5 2. Bf4 Bf5 3. e3 e6 4. Nf3 c5 5. c3 Qb6 6. Qb3 Nc6 7. Nbd2 Nf6 8. Be2
Be7 9. O-O O-O 10. h3 h6 11. Ne5 Rac8 12. Rac1 Rfe8 13. Ndf3 Nxe5 14. Nxe5 Bd6
15. Bh2 Red8 16. Rfd1 Ne4 17. f3 Nf6 18. f4 Ne4 19. Bf3 Qc7 20. Qc2 Qe7 21. Qe2
a6 22. a3 b5 23. Bg4 Bxg4 24. Nxg4 Qh4 25. Qe1 Qxe1+ 26. Rxe1 Be7 27. Ne5 Bh4
28. Re2 a5 29. Nf3 Be7 30. Rec2 c4 31. Nd2 Nd6 32. Nf3 Ne4 33. Nd2 Nf6 34. Nf3
b4 35. axb4 axb4 36. cxb4 Bxb4 37. b3 c3 38. Ne1 Ne4 39. Nd3 Be7 40. b4 f5 41.
Nc5 Rc6 42. Nxe4 dxe4 43. Rxc3 Rxc3 44. Rxc3 Bxb4 45. Rc6 Kf7 46. Bg3 Rb8 47.
Rc2 Ba5 48. Ra2 Rb1+ 49. Kh2 Bc3 50. Rc2 Ba5 51. Ra2 Be1 52. Bxe1 Rxe1 53. Ra3
Rd1 54. Kg3 Kg6 55. Ra6 Kf6 56. Ra3 Ke7 57. Ra7+ Kf6 58. Ra3 Ke7 59. Ra7+ Kf6
60. Ra3 Kg6 61. Ra6 Kf6 62. Ra3 1/2-1/2

[Event "Banff op U2200"]
[Site "Banff CAN"]
[Date "2022.11.13"]
[Round "6.41"]
[White "Morrison, Scott"]
[Black "Wang, Lucas"]
[Result "0-1"]
[WhiteElo "1227"]
[BlackElo "1238"]
[PlyCount "58"]
[EventDate "2022.11.11"]
[EventType "swiss"]
[EventRounds "6"]
[EventCountry "CAN"]

1. d4 d5 2. Bf4 Nf6 3. Nf3 Bf5 4. e3 e6 5. Nc3 a6 6. a3 Be7 7. Nh4 Bg6 8. Nxg6
hxg6 9. Qf3 c5 10. O-O-O Nc6 11. g4 b5 12. Nxb5 axb5 13. Bxb5 Qb6 14. a4 O-O
15. Qe2 cxd4 16. h4 dxe3 17. Bxe3 d4 18. Bd2 Rfb8 19. b3 Nd5 20. h5 Ba3+ 21.
Kb1 g5 22. h6 g6 23. Bxc6 Qxc6 24. h7+ Kh8 25. Bxg5 Bf8 26. Bf6+ Bg7 27. Bxg7+
Kxg7 28. Qe5+ f6 29. Qh2 Qxa4 0-1

[Event "Britiah Columbia-ch Seniors"]
[Site "Surrey CAN"]
[Date "2022.07.15"]
[Round "1.1"]
[White "Mohammed Qanee, Arpak Worya"]
[Black "Forman, Ken"]
[Result "1/2-1/2"]
[WhiteElo "2130"]
[BlackElo "1613"]
[PlyCount "114"]
[EventDate "2022.07.15"]
[EventType "swiss"]
[EventRounds "5"]
[EventCountry "CAN"]

1. e4 c5 2. Nf3 d6 3. d4 cxd4 4. Nxd4 Nf6 5. Nc3 a6 6. Bc4 e6 7. Bb3 Be7 8. Be3
O-O 9. O-O Bd7 10. f4 Nc6 11. f5 Nxd4 12. Qxd4 exf5 13. exf5 Bc6 14. Rad1 Qa5
15. Qb6 Qxb6 16. Bxb6 Rac8 17. Rfe1 Bd8 18. Bd4 Bc7 19. Re7 Bd8 20. Re2 Bc7 21.
Rde1 Ba5 22. h3 h6 23. g4 Bb4 24. Kh2 d5 25. Kg3 Ne4+ 26. Kf4 g5+ 27. Kf3 Nxc3
28. bxc3 Bxc3 29. Rd1 Bxd4 30. Rxd4 Bb5 31. Re7 Rc3+ 32. Kg2 Bc4 33. Rxb7 Bxb3
34. cxb3 Rc2+ 35. Kf3 Rxa2 36. Rxd5 Kg7 37. Rd6 Rh2 38. Rg6+ Kh7 39. Kg3 Rc2
40. Rxa6 Rc3+ 41. Kg2 Rc2+ 42. Kf3 Rc3+ 43. Ke4 Rxh3 44. Ke5 h5 45. gxh5 Rxh5
46. b4 Re8+ 47. Kf6 g4 48. Kxf7 Rg8 49. f6 g3 50. Raa7 Re5 51. Re7 Rxe7+ 52.
fxe7 g2 53. e8=Q g1=Q 54. Kf6+ Kh6 55. Qf7 Rg6+ 56. Ke5 Qe3+ 57. Kd5 Qd3+
1/2-1/2

[Event "Britiah Columbia-ch Seniors"]
[Site "Surrey CAN"]
[Date "2022.07.15"]
[Round "1.2"]
[White "Curiel, Hector"]
[Black "McLaren, Brian"]
[Result "0-1"]
[WhiteElo "1609"]
[BlackElo "2093"]
[PlyCount "76"]
[EventDate "2022.07.15"]
[EventType "swiss"]
[EventRounds "5"]
[EventCountry "CAN"]

1. d4 d5 2. Nf3 e6 3. c4 c6 4. Bf4 dxc4 5. e4 b5 6. Be2 Bb7 7. O-O Ne7 8. Nbd2
Ng6 9. Bg3 Be7 10. Qc2 O-O 11. Rfd1 Nd7 12. a4 a6 13. b3 cxb3 14. Nxb3 Qb6 15.
a5 Qa7 16. Rac1 Rac8 17. Nc5 Rfd8 18. Rd3 Nxc5 19. dxc5 Rxd3 20. Bxd3 Rd8 21.
Bc7 Rd7 22. Bb6 Qb8 23. g3 e5 24. Bf1 Bc8 25. Bh3 Rb7 26. Bf5 Nf8 27. Rd1 Be6
28. h4 g6 29. Bxe6 Nxe6 30. Qc3 f6 31. Ne1 Qc8 32. Nc2 Rd7 33. Rc1 Nd4 34. Nxd4
Rxd4 35. Qb3+ Kg7 36. f3 Qh3 37. Kf2 Rd2+ 38. Ke3 Qg2 0-1

[Event "Britiah Columbia-ch Seniors"]
[Site "Surrey CAN"]
[Date "2022.07.15"]
[Round "1.3"]
[White "Morgan, Scott"]
[Black "Barron, Robert L"]
[Result "1-0"]
[WhiteElo "2047"]
[BlackElo "1599"]
[PlyCount "59"]
[EventDate "2022.07.15"]
[EventType "swiss"]
[EventRounds "5"]
[EventCountry "CAN"]

1. e4 c5 2. Nc3 e6 3. Nge2 Nc6 4. g3 Nd4 5. Nxd4 cxd4 6. Ne2 e5 7. Bg2 b5 8.
O-O Qb6 9. d3 Bb7 10. f4 d6 11. Kh1 Rc8 12. c3 dxc3 13. bxc3 Nf6 14. Bh3 Rd8
15. Bg2 Ng4 16. Qe1 h5 17. d4 Be7 18. h3 d5 19. hxg4 hxg4+ 20. Kg1 exd4 21.
Nxd4 Qh6 22. Nf5 Qh2+ 23. Kf2 dxe4 24. Be3 Bc5 25. Rh1 Qxh1 26. Bxh1 Rxh1 27.
Qxh1 Rd2+ 28. Ke1 Rd3 29. Bxc5 e3 30. Qxb7 1-0

[Event "Britiah Columbia-ch Seniors"]
[Site "Surrey CAN"]
[Date "2022.07.15"]
[Round "1.4"]
[White "Gairdner, Dennis"]
[Black "Patterson, Roger"]
[Result "0-1"]
[WhiteElo "1522"]
[BlackElo "2037"]
[PlyCount "72"]
[EventDate "2022.07.15"]
[EventType "swiss"]
[EventRounds "5"]
[EventCountry "CAN"]

1. e4 c5 2. Nc3 e6 3. Nge2 Nc6 4. g3 Nf6 5. Bg2 Be7 6. O-O O-O 7. f4 d5 8. e5
Nd7 9. d3 Rb8 10. a4 a6 11. g4 b5 12. axb5 axb5 13. Ng3 c4 14. d4 Nxd4 15. Nce2
Nxe2+ 16. Qxe2 Bc5+ 17. Kh1 Qc7 18. Bd2 b4 19. c3 bxc3 20. bxc3 Rb2 21. Rab1
Rxb1 22. Rxb1 Re8 23. Qf1 Ba6 24. Ra1 Bb5 25. Qb1 Rb8 26. Qc2 Bc6 27. Ne2 Qb6
28. Be1 Qb3 29. Qc1 Ba4 30. Nd4 Qb2 31. Qxb2 Rxb2 32. Kg1 Nb6 33. Bf2 Bc2 34.
Kf1 Bd3+ 35. Ke1 Bxd4 36. cxd4 Re2+ 0-1

[Event "Britiah Columbia-ch Seniors"]
[Site "Surrey CAN"]
[Date "2022.07.16"]
[Round "2.1"]
[White "McLaren, Brian"]
[Black "Kerry, James"]
[Result "0-1"]
[WhiteElo "2093"]
[BlackElo "1953"]
[PlyCount "84"]
[EventDate "2022.07.15"]
[EventType "swiss"]
[EventRounds "5"]
[EventCountry "CAN"]

1. e4 c5 2. Nc3 d6 3. g3 g6 4. Bg2 Bg7 5. d3 Nc6 6. Nge2 e6 7. O-O Rb8 8. Be3
Nd4 9. Qd2 b5 10. Nc1 b4 11. Nd1 Bd7 12. c3 bxc3 13. bxc3 Nc6 14. h3 Qa5 15.
Ne2 h5 16. Rc1 Nge7 17. Rc2 Qa6 18. f4 f5 19. e5 c4 20. d4 d5 21. Nf2 Kf7 22.
Rcc1 Rb6 23. Rb1 Rhb8 24. Qc2 Ng8 25. g4 hxg4 26. hxg4 Qb7 27. Rxb6 Qxb6 28.
Bc1 Qb1 29. Qd2 Qb6 30. gxf5 gxf5 31. Bf3 Nge7 32. Bh5+ Kg8 33. Nh3 Bh6 34. Kf2
Nxe5 35. Rg1+ Kh8 36. Ba3 Nd3+ 37. Kf3 Ng8 38. Ng5 Be8 39. Bxe8 Rxe8 40. Nf7+
Kh7 41. Ng3 e5 42. dxe5 Qxg1 0-1

[Event "Britiah Columbia-ch Seniors"]
[Site "Surrey CAN"]
[Date "2022.07.16"]
[Round "2.2"]
[White "Harris, Philip"]
[Black "Morgan, Scott"]
[Result "0-1"]
[WhiteElo "1685"]
[BlackElo "2047"]
[PlyCount "58"]
[EventDate "2022.07.15"]
[EventType "swiss"]
[EventRounds "5"]
[EventCountry "CAN"]

1. e4 e5 2. Nf3 Nc6 3. Bb5 Bc5 4. O-O Nd4 5. Bd3 d6 6. c3 Nc6 7. h3 Qf6 8. b4
Bb6 9. a4 a5 10. b5 Nd8 11. Bc4 Be6 12. Na3 Ne7 13. d4 h6 14. d5 Bd7 15. Qe2 g5
16. Be3 Bxe3 17. fxe3 b6 18. Bd3 Qg6 19. Nh2 h5 20. g4 Nb7 21. Bc2 O-O-O 22.
Rf2 hxg4 23. hxg4 Rh3 24. Raf1 Rdh8 25. Rg2 Nc5 26. Qf2 Qh7 27. c4 Bxg4 28.
Rxg4 Rxh2 29. Qg3 Rd2 0-1

[Event "Britiah Columbia-ch Seniors"]
[Site "Surrey CAN"]
[Date "2022.07.16"]
[Round "2.3"]
[White "Patterson, Roger"]
[Black "Landingin, Jofrel"]
[Result "0-1"]
[WhiteElo "2037"]
[BlackElo "1812"]
[PlyCount "102"]
[EventDate "2022.07.15"]
[EventType "swiss"]
[EventRounds "5"]
[EventCountry "CAN"]

1. c4 Nf6 2. Nc3 g6 3. e4 d6 4. d4 Bg7 5. Nf3 O-O 6. Be2 c5 7. O-O a6 8. h3 b6
9. Be3 Nbd7 10. d5 Nh5 11. Nd2 Nhf6 12. f4 Bb7 13. Qc2 Rc8 14. Rae1 Bh6 15. g4
Ne8 16. g5 Bg7 17. Bg4 Rc7 18. h4 Bc8 19. Nf3 Ne5 20. Nxe5 dxe5 21. f5 Nd6 22.
Ne2 Bd7 23. Ng3 Qc8 24. Be2 f6 25. Bd3 b5 26. b3 b4 27. Rf2 Nf7 28. Ref1 a5 29.
Qd1 Qa6 30. Rh2 a4 31. Qf3 Ra8 32. Qf2 Qd6 33. h5 Nxg5 34. Bxg5 fxg5 35. fxg6
Rf8 36. gxh7+ Kh8 37. Qe1 Rf4 38. Nf5 Bxf5 39. exf5 axb3 40. axb3 Ra7 41. Qg3
Qf6 42. Re1 Ra8 43. Be4 Ra3 44. Qe3 Qd6 45. Rg2 Bh6 46. Bc2 e4 47. Bxe4 Bg7 48.
Rd1 Qe5 49. Re2 Rg4+ 50. Kf1 Rh4 51. f6 Bxf6 {Time.} 0-1

[Event "Britiah Columbia-ch Seniors"]
[Site "Surrey CAN"]
[Date "2022.07.16"]
[Round "2.4"]
[White "Leblanc, Paul"]
[Black "Oszvald, Joseph"]
[Result "1-0"]
[WhiteElo "1667"]
[BlackElo "1991"]
[PlyCount "79"]
[EventDate "2022.07.15"]
[EventType "swiss"]
[EventRounds "5"]
[EventCountry "CAN"]

1. d4 c5 2. d5 Nf6 3. c4 b5 4. Nc3 b4 5. Na4 d6 6. Qc2 g6 7. e4 Bg7 8. Rb1 O-O
9. b3 Nxe4 10. Bb2 Nf6 11. Bd3 Bd7 12. Nf3 Bxa4 13. bxa4 Nbd7 14. Qb3 Re8 15.
O-O Qa5 16. Rbd1 Nb6 17. Bc2 Qa6 18. Nd2 Bh6 19. f4 Rac8 20. h3 Nbxd5 21. cxd5
c4 22. Qxb4 Nxd5 23. Qa3 c3 24. Bb3 Qb6+ 25. Kh1 cxb2 26. Bxd5 e6 27. Bb3 d5
28. Qxb2 Bg7 29. Qb1 Rc3 30. Rc1 Re3 31. Nf3 Bh6 32. g3 d4 33. Qc2 d3 34. Qc5
Qxc5 35. Rxc5 Rd8 36. Re5 Rxe5 37. Nxe5 Bf8 38. Rd1 d2 39. Kg2 Bb4 40. Nc6 1-0

[Event "Britiah Columbia-ch Seniors"]
[Site "Surrey CAN"]
[Date "2022.07.16"]
[Round "3.1"]
[White "Morgan, Scott"]
[Black "Leblanc, Paul"]
[Result "1-0"]
[WhiteElo "2047"]
[BlackElo "1667"]
[PlyCount "99"]
[EventDate "2022.07.15"]
[EventType "swiss"]
[EventRounds "5"]
[EventCountry "CAN"]

1. e4 c6 2. Nc3 d5 3. Qf3 dxe4 4. Nxe4 Nf6 5. Bc4 e6 6. Ne2 Nbd7 7. d4 Nxe4 8.
Qxe4 Nf6 9. Qh4 Be7 10. Bd2 Bd7 11. O-O Qc7 12. a4 c5 13. dxc5 Qxc5 14. b4 Qh5
15. Qd4 e5 16. Qb2 Rc8 17. Ng3 Qh4 18. Bb5 O-O 19. Bxd7 Nxd7 20. Nf5 Qf6 21.
Nxe7+ Qxe7 22. a5 Rc4 23. Rfe1 Rfc8 24. Rac1 Qd6 25. c3 Qc7 26. f3 Nf6 27. Be3
b6 28. axb6 axb6 29. Red1 h6 30. Qd2 Qc6 31. Qd6 Qxd6 32. Rxd6 R4c6 33. Rcd1
Kh7 34. Bxb6 Rxc3 35. R6d3 R3c4 36. Rb1 e4 37. Rdd1 exf3 38. gxf3 Rc2 39. Rf1
Nh5 40. Rf2 R2c4 41. Be3 Nf4 42. Bxf4 Rxf4 43. b5 Rb8 44. Rc2 Rxf3 45. b6 Rd3
46. Rc7 Ra3 47. Kf2 Kg6 48. b7 Kf6 49. Rc8 Ra2+ 50. Kg1 1-0

[Event "Britiah Columbia-ch Seniors"]
[Site "Surrey CAN"]
[Date "2022.07.16"]
[Round "3.2"]
[White "Kerry, James"]
[Black "Verdon, Norman"]
[Result "0-1"]
[WhiteElo "1953"]
[BlackElo "1958"]
[PlyCount "72"]
[EventDate "2022.07.15"]
[EventType "swiss"]
[EventRounds "5"]
[EventCountry "CAN"]

1. e4 c5 2. Nf3 e6 3. c3 d5 4. exd5 Qxd5 5. d4 Nc6 6. Be3 cxd4 7. Nxd4 Nxd4 8.
Qxd4 Nf6 9. Nd2 Bd7 10. Be2 e5 11. Qxd5 Nxd5 12. Bg5 Be7 13. Bxe7 Kxe7 14. Bf3
Be6 15. O-O Rhd8 16. Ne4 f5 17. Nc5 e4 18. Nxe6 Kxe6 19. Be2 Rac8 20. Rfd1 Nf4
21. Bf1 g5 22. g3 Ng6 23. c4 Ne5 24. b3 Nf3+ 25. Kg2 Rd4 26. Be2 Rcd8 27. Rxd4
Nxd4 28. Kf1 f4 29. gxf4 gxf4 30. Bg4+ Ke5 31. Rc1 h5 32. Bd1 e3 33. fxe3 fxe3
34. h3 Rf8+ 35. Ke1 Rg8 36. Kf1 e2+ 0-1